000 14071cam a22016937i 4500
999 _c54203
001 20183803
003 LIBRIS
005 20201102141816.0
008 170322s2018 xxua|||||b||||001 0|eng|d
020 _a9781483349800
020 _a1483349802
035 _a2180971
040 _aBTCTA
_beng
_dYDXCP
_dBDX
_dELW
_dIAC
_dOCLCF
_dOXF
_dMah
_ei
_erda
041 _aeng
050 4 _aH62
_b.H2455 2017
050 4 _aQ 180.55.M4
082 0 4 _a001.42
_223
084 _aBfa
_2kssb/8 (machine generated)
245 1 4 _aThe SAGE handbook of qualitative research /
_cedited by Norman K. Denzin, University of Illinois, Yvonna S. Lincoln, Texas A&M University.
250 _aFifth edition.
264 1 _aLos Angeles :
_bSage,
_c[2018]
264 4 _c©2018
300 _axx, 968 pages
_billustrations
_c27 cm
336 _atext
_btxt
_2rdacontent
337 _aunmediated
_bn
_2rdamedia
338 _avolume
_bnc
_2rdacarrier
500 _5Hib
_aEj fjärrlån
504 _aIncludes bibliographical references and indexes.
505 8 _tIntroduction: the discipline and practice of qualitative research /
_rNorman K. Denzin and Yvonna S. Lincoln --
_gPart 1.
_tLocating the field. A history of qualitative inquiry in social and educational research /
_rFrederick Erickson --
_tEthics and politics in qualitative research /
_rClifford G. Christians --
_tEthics, research regulations, and critical social science /
_rGaile S. Cannella and Yvonna S. Lincoln --
_gPart 2.
_tParadigms and perspectives in contention. Paradigmatic controversies, contradictions, and emerging confluences, revisited /
_rYvonna S. Lincoln, Susan A. Lynham, and Egon G. Guba --
_tFeminist qualitative research in the millenium's first decade: developments, challenges, prospects /
_rVirginia Olesen --
_tFeminist qualitative research: emerging lines of inquiry /
_rMarjorie L. DeVault --
_tCritical race theory and the postracial imaginary /
_rJamel K. Donnor and Gloria Ladson-Billings --
_tDoing Indigenous methodologies: a letter to a research class /
_rMargaret Kovach --
_tCritical pedagogy and qualitative research: advancing the bricolage /
_rJoe L. Kincheloe, Peter McLaren, Shirley R. Steinberg, and Lilia D. Monzó --
_tMethodologies for cultural and social studies in an age of new technologies /
_rPaula Saukko --
_tQueer/quare theory: worldmaking and methodologies /
_rBryant Keith Alexander --
_gPart 3.
_tStrategies of inquiry. The marketization of research: implications for qualitative inquiry /
_rJulianne Cheek --
_tCase study methodology /
_rThomas A. Schwandt and Emily F. Gates --
_tPerformance ethnography /
_rJudith Hamera --
_tEthnodrama and ethnotheatre: research as performance /
_rJohnny Saldaña --
_tAdvancing a constructionist analytics /
_rJames A. Holstein --
_tEvolving grounded theory and social justice inquiry /
_rKathy Charmaz, Robert Thornberg, and Elaine Keane --
_tTriangulation /
_rUwe Flick --
_tD...a...t...a..., data++, data, and some problematics /
_rMirka Koro-Ljungberg, Maggie MacLure, and Jasmine Ulmer --
_tIn the name of human rights: I say (how) you (should) speak (before I listen) /
_rAntjie Krog --
_tCritical participatory action research on state violence: bearing wit(h)ness across fault lines of power, privilege, and dispossession /
_rMaría Elena Torre, Brett G. Stoudt, Einat Manoff, and Michelle Fine --
_gPart 4.
_tMethods of collecting and analyzing empirical materials. Observation in a surveilled world /
_rJack Bratich --
_tNarrative inquiry: toward theoretical and methodological maturity /
_rSusan E. Chase --
_tCritical arts-based inquiry: performances of resistance politics /
_rSusan Finley --
_gThe
_tinterview /
_rSvend Brinkmann --
_tVisual research /
_rEric Margolis and Renu Zunjarwad --
_tAutoethnography and the other: performative embodiment and a bid for utopia /
_rTami Spry --
_tEthnography in the digital internet era: from fields to flows, descriptions to interventions /
_rAnnette N. Markham --
_tAnalyzing talk and text /
_rAnssi Peräkylä and Johanna Ruusuvuori --
_tFocus group research and/in figured worlds /
_rGeorge Kamberelis, Greg Dimitriadis, and Alyson Welker --
_tThinking with theory: a new analytic for qualitative inquiry /
_rAlecia Y. Jackson and Lisa A. Mazzei --
_tCreating a space in between: collaborative inquiries /
_rJonathan Wyatt, Ken Gale, Susanne Gannon, and Bronwyn Davies (JKSB) --
505 8 _gPart 5.
_gThe
_tart and practices of interpretation, evaluation, and representation. Evidence, criteria, policy, and politics: the debate about quality and utility in educational and social research /
_rHarry Torrance --Reframing rigor in qualitative inquiry /
_tWriting: a method of inquiry /
_rLaurel Richardson and Elizabeth Adams St. Pierre --
_gThe
_telephant in the living room, or extending the conversation about the politics of evidence /
_rNorman K. Denzin --
_tBraiding narrative ethnography with memoir and creative nonfiction /
_rBarbara Tedlock --
_tQualitative evaluation: methods, ethics, and politics with stakeholders /
_rPeter Dahler-Larsen --
_gPart 6.
_gThe
_tfuture of qualitative research. Qualitative research and global audit culture: the politics of productivity, accountabilty and possibility /
_rMarc Spooner --
_tCritical issues for qualitative research /
_rDavid A. Westbrook --
_tEpilogue: toward a "refunctioned ethnography" /
_rYvonna S. Lincoln and Norman K. Denzin.
520 _a"The substantially updated and revised Fifth Edition of this landmark handbook presents the state-of-the-art theory and practice of qualitative inquiry. Representing top scholars from around the world, the editors and contributors continue the tradition of synthesizing existing literature, defining the present, and shaping the future of qualitative research. The Fifth Edition contains 19 new chapters, with 16 revisedmaking it virtually a new volumewhile retaining six classic chapters from previous editions. New contributors to this edition include Jamel K. Donnor and Gloria Ladson-Billings; Margaret Kovach; Paula Saukko; Bryant Keith Alexander; Thomas A. Schwandt and Emily F. Gates; Johnny Saldaña; Uwe Flick; Mirka Koro-Ljungberg, Maggie MacLure, and Jasmine Ulmer; Maria Elena Torre, Brett G. Stoudt, Einat Manoff, and Michelle Fine; Jack Bratich; Svend Brinkmann; Eric Margolis and Renu Zunjarwad; Annette N. Markham; Alecia Y. Jackson and Lisa A. Mazzei; Jonathan Wyatt, Ken Gale, Susanne Gannon, and Bronwyn Davies; Janice Morse; Peter Dahler-Larsen; Mark Spooner; and David A. Westbrook"--Publisher.
650 7 _aKvalitativ metod
_0https://id.kb.se/term/sao/Kvalitativ%20metod
_2sao
650 7 _aSamhällsvetenskaplig forskning
_xmetodik
_0https://id.kb.se/term/sao/Samh%C3%A4llsvetenskaplig%20forskning--metodik
_2sao
650 0 _aQualitative research.
650 0 _aSocial sciences
_xResearch.
650 7 _aQualitative research.
_2fast
650 7 _asocial sciences
_2agrovoc
650 7 _aresearch
_2agrovoc
650 7 _amethods
_2agrovoc
650 7 _aSocial sciences
_xResearch.
_2fast
650 0 _aQualitative research
650 7 _aSamhällsvetenskaplig forskning
_0https://id.kb.se/term/sao/Samh%C3%A4llsvetenskaplig%20forskning
_2sao
650 7 _aKvalitativ metod
_0https://id.kb.se/term/sao/Kvalitativ%20metod
_2sao
653 _aSocial sciences
653 _aQualitative research
700 1 _aDenzin, Norman K.
_4edt
700 1 _aLincoln, Yvonna S.
_4edt
887 _a{"@id":"3mfs0zvf29zfnb4","modified":"2019-04-04T15:57:25.81+02:00","checksum":"229400071819"}
_2librisxl
887 _a{"@id":"ktwcdr0jhlbd0gkv","modified":"2020-03-27T13:24:58.524+01:00","checksum":"157801716212"}
_2librisxl
887 _a{"@id":"4h6zh7qj2wp4xh46","modified":"2020-09-23T10:03:45.929+02:00","checksum":"165516058913"}
_2librisxl
887 _a{"@id":"9fn17fjg3726v13","modified":"2017-12-06T16:27:35+01:00","checksum":"267841169604"}
_2librisxl
887 _a{"@id":"6bkv0zsc2nqfg5s","modified":"2018-11-21T11:14:45.145+01:00","checksum":"133444675852"}
_2librisxl
887 _a{"@id":"djr3rbvk3f8vb77","modified":"2019-08-12T10:02:47.636+02:00","checksum":"139043521843"}
_2librisxl
887 _a{"@id":"48hqp9195gzxsrd","modified":"2020-02-18T11:05:47.928+01:00","checksum":"174726341154"}
_2librisxl
887 _a{"@id":"37gs0h485pz7lxh","modified":"2017-11-09T14:27:05+01:00","checksum":"140918731836"}
_2librisxl
887 _a{"@id":"s45fs8c6qg1fzdc9","modified":"2020-03-19T15:49:29.56+01:00","checksum":"159434927732"}
_2librisxl
887 _a{"@id":"lxlfzx98jg7v0vxt","modified":"2020-01-13T10:24:34.883+01:00","checksum":"162118012424"}
_2librisxl
887 _a{"@id":"djr00xpk304tx9r","modified":"2017-05-03T13:48:10+02:00","checksum":"173149235869"}
_2librisxl
887 _a{"@id":"v5vv2hgds5l17nhw","modified":"2019-04-11T07:58:50.234+02:00","checksum":"163373761377"}
_2librisxl
887 _a{"@id":"8dm3g5tf4l0pr3g","modified":"2018-04-12T12:06:29+02:00","checksum":"138983714619"}
_2librisxl
887 _a{"@id":"kv6m2xpxhx6vt8np","modified":"2019-09-11T10:25:26.812+02:00","checksum":"165637161013"}
_2librisxl
887 _a{"@id":"9fn2hrjg0mqchgv","modified":"2020-09-18T11:24:18.386+02:00","checksum":"169120526116"}
_2librisxl
887 _a{"@id":"hmv3lf0n2vjnlrr","modified":"2017-06-16T14:28:19+02:00","checksum":"138139755081"}
_2librisxl
887 _a{"@id":"6bk0h9gc1l7lcvx","modified":"2018-02-05T13:57:51+01:00","checksum":"138718738053"}
_2librisxl
887 _a{"@id":"48hq8ns949w4fq4","modified":"2020-05-07T10:30:05.526+02:00","checksum":"132729711291"}
_2librisxl
887 _a{"@id":"x90qss53v6m6n5l8","modified":"2020-09-14T13:00:44.344+02:00","checksum":"170374572380"}
_2librisxl
887 _a{"@id":"glt1rlcm15k4zjl","modified":"2018-01-08T09:15:31+01:00","checksum":"128621119382"}
_2librisxl
887 _a{"@id":"t52xwvmrrhbwz9rk","modified":"2020-02-10T10:10:44.439+01:00","checksum":"164059845618"}
_2librisxl
887 _a{"@id":"15dsppf643mxqbm","modified":"2018-01-19T09:21:53+01:00","checksum":"127849931805"}
_2librisxl
887 _a{"@id":"04crnnc55qmrjf5","modified":"2018-01-24T11:28:04+01:00","checksum":"124851907680"}
_2librisxl
887 _a{"@id":"15dncqc636bf21q","modified":"2017-08-21T14:03:12+02:00","checksum":"134504933233"}
_2librisxl
887 _a{"@id":"z7b41rsdwgf6db2p","modified":"2018-10-26T12:51:32.504+02:00","checksum":"167629610803"}
_2librisxl
887 _a{"@id":"p14zrcb6mz3br3ps","modified":"2020-04-02T12:04:13.435+02:00","checksum":"176263190083"}
_2librisxl
887 _a{"@id":"2brr43rq01550s77","modified":"2019-01-23T08:40:42.375+01:00","checksum":"159661797425"}
_2librisxl
887 _a{"@id":"x29h8hv33q091ld","modified":"2017-03-23T17:14:49+01:00","checksum":"133690049058"}
_2librisxl
887 _a{"@id":"x29lzpg35dwf1rh","modified":"2017-10-02T15:55:45+02:00","checksum":"132642092410"}
_2librisxl
887 _a{"@id":"lvlvl5n3jhp7vt2c","modified":"2018-07-26T13:05:37.131+02:00","checksum":"162099508622"}
_2librisxl
887 _a{"@id":"lqz9h3pr1x7ckbv","modified":"2019-05-08T09:44:58.466+02:00","checksum":"162218549772"}
_2librisxl
942 _2z
_cBOOK